00919nam a22001817a 4500003000900000008004100009040007100050082002000121100003000141245003800171260002700209300002200236440002700258505039400285650003100679650001200710650001500722AR-CdUCM190225b ||||| |||| 00| 0 spa d aMUNICIPALIDAD PROVINCIAL DEL CUSCOcBIBLIOTECA MUNICIPAL DEL CUSCO a985.0093 /bG24 aGarcilasode la Vega, Inca aComentarios reales de los incas / aLima :bPeisa ,c1973. a3 tomos ;c16 cm. aBiblioteca Peruanan19 aContenido: t.2: Los estatutos y ejercicios de las vírgenes escogidas, La veneración en que tienen las cosas que hacían las escogidas, Que había otras muchas cosas de escogidas, El servicio y el ornamento de las escogidas -- t.3: Los incas hacían colonias, tuvieron dos lenguas, los herederos de los señores se criaban en la corte, y las causas porque, de la lengua cortesana... aInca Garcilaso de la Vega. aAcllas. aLos incas.